| 000 | 00763nmc a2200277 a 4500 | ||
|---|---|---|---|
| 003 | AR-BaBNM | ||
| 005 | 20251128204851.0 | ||
| 008 | 186019s1986 ||||||||||||||000 | spa|| | ||
| 020 | _a84-7639-019-X | ||
| 040 | _cAR-BaBNM | ||
| 100 | 1 | _aHärtling, Peter | |
| 245 | 1 | 0 |
_aHölderlin _buna novela |
| 260 |
_aBarcelona _bMontesinos _c1986 |
||
| 300 | _a434 p. | ||
| 490 | 0 |
_aVisio Tundali: Contemporáneos _vv. 66 |
|
| 500 | _aContiene lista de los títulos pertenecientes a la misma colección | ||
| 650 | 4 | _aBIOGRAFIAS | |
| 650 | 4 | _aLITERATURA ALEMANA | |
| 650 | 4 | _aESTRUCTURALISMO | |
| 650 | 4 | _aESCUELA DE FRANKFURT | |
| 650 | 4 | _aROMANTICISMO ALEMAN | |
| 655 | _aLITERATURA | ||
| 700 | 1 |
_aKauf, Thomas _etraductor |
|
| 942 | _cBK | ||
| 998 | _cisola | ||
| 999 |
_c9107 _d9107 |
||